Loading...
| Mythology | 0 | 4 | 1 | 2 | 35 | 141 | 147.00 | 0 | 0 | 1.20 | 12.11 |
| History - American | 0 | 2 | 0 | 1 | 20 | 128 | 138.50 | 0 | 0 | -0.07 | 1.54 |
| Literature - European | 0 | 2 | 1 | 1 | 15 | 146 | 151.50 | 0 | 0 | 0.00 | 3.55 |
| Literature - World | 0 | 1 | 0 | 0 | 10 | 144 | 144.00 | 0 | 0 | 0.64 | 0.51 |
| History - European | 0 | 1 | 0 | 0 | 10 | 142 | 142.00 | 0 | 0 | 0.55 | 1.78 |
| Literature - British | 0 | 1 | 0 | 0 | 10 | 123 | 123.00 | 0 | 0 | 1.67 | 5.33 |
| Fine Arts - Classical Music and Opera | 0 | 1 | 1 | 0 | 5 | 132 | 132.00 | 0 | 0 | 0.88 | 4.40 |
| Other Science (Math) | 0 | 0 | 0 | 0 | 0 | 0.00 | 0 | 0 | 0.00 | 0.00 | |
| Religion | 0 | 0 | 0 | 0 | 0 | 0.00 | 0 | 0 | 0.00 | 0.00 | |
| History - Other | 0 | 0 | 1 | 0 | -5 | 0.00 | 0 | 0 | 0.00 | 0.00 | |
| Philosophy | 0 | 0 | 1 | 0 | -5 | 0.00 | 0 | 0 | 0.00 | 0.00 | |
| Science - Chemistry | 0 | 0 | 1 | 0 | -5 | 0.00 | 0 | 0 | 0.00 | 0.00 |